000 005560000a22001930004500
003 LK-CoMWRAF
005 20231222133021.0
008 230817t2005 ||||| |||| 00| 0 eng d
020 _a9551041151
040 _aLK-CoMWRAF
_dLK-CoMWRAF
_eLK-CoMWRAF
041 _aeng
082 _a016.3036
_bMAL
100 _aMallawaarachchi, Chammika
245 _aPeace, Peacebuilding and Conflict:
_bAn Annotated Bibliography
260 _aColombo:
_bConsortium of Humanitarian Agencies,
_c2005
300 _a26 p.
650 _aPeace and Peacebuilding
942 _cBK
999 _c1970
_d1970